[Event "Titled Tuesday intern op 16th Apr Early"]
[Site "Chess.com INT"]
[Date "2024.04.16"]
[Round "1"]
[White "Shimanov, Aleksandr"]
[Black "Mostbauer, Florian"]
[Result "1-0"]
[WhiteElo "2576"]
[BlackElo "2338"]
[PlyCount "39"]
[EventDate "2024.04.16"]
[EventType "swiss (blitz)"]
[EventRounds "11"]
[EventCountry "USA"]
[SourceTitle "CB17_2024"]
[SourceDate "2024.04.24"]
[SourceVersion "1"]
[SourceVersionDate "2024.04.24"]
[SourceQuality "1"]

1. e4 c6 2. Nc3 d5 3. Qe2 d4 4. Nd1 c5 5. f4 Nc6 6. Nf3 Bg4 7. Nf2 Bxf3 8. Qxf3 e5 9. Bc4 Nf6 10. d3 Bd6 11. g3 Qc7 12. 0-0 0-0-0 13. a3 Kb8 14. Bd2 h6 15. Rab1 h5 16. f5 Rh7 17. b4 cxb4 18. axb4 Rdh8 19. Nh3 h4 20. g4 1-0

[Event "Palmanova op 12th"]
[Site "Palmanova"]
[Date "2023.12.09"]
[Round "2"]
[White "Mostbauer, Florian"]
[Black "Belli, Giorgio"]
[Result "1-0"]
[WhiteElo "2309"]
[BlackElo "2107"]
[PlyCount "75"]
[EventDate "2023.12.08"]
[EventType "swiss"]
[EventRounds "5"]
[EventCountry "ITA"]
[SourceTitle "CB50_2023"]
[SourceDate "2023.12.13"]
[SourceVersion "1"]
[SourceVersionDate "2023.12.13"]
[SourceQuality "1"]

1. Nf3 Nf6 2. c4 e6 3. e3 d5 4. b3 Bd6 5. Bb2 0-0 6. Nc3 c6 7. d4 Nbd7 8. Bd3 Qe7 9. Qc2 e5 10. dxe5 Nxe5 11. Nxe5 Bxe5 12. cxd5 cxd5 13. Ne2 Bd7 14. Bxe5 Qxe5 15. Qc3 Qg5 16. 0-0 d4 17. exd4 Bc6 18. f3 Qe3+ 19. Rf2 Nd5 20. Qc2 Nb4 21. Bxh7+ Kh8 22. Qc5 Nd5 23. Be4 Rfd8 24. Qc1 Rac8 25. Bxd5 Qxc1+ 26. Rxc1 Rxd5 27. Rff1 Re8 28. Rfe1 g5 29. Kf2 Kg7 30. Red1 Rd6 31. Rd2 g4 32. Ng3 Kg6 33. fxg4 Rf6+ 34. Nf5 Bd7 35. Rc5 b6 36. Re5 Rc8 37. Kg3 Bxf5 38. Rxf5 1-0

[Event "Titled Tuesday intern op 22nd Aug Early"]
[Site "Chess.com INT"]
[Date "2023.08.22"]
[Round "3"]
[White "Micic, Aleksa"]
[Black "Mostbauer, Florian"]
[Result "0-1"]
[WhiteElo "2235"]
[BlackElo "2303"]
[PlyCount "104"]
[EventDate "2023.08.22"]
[EventType "swiss (blitz)"]
[EventRounds "11"]
[EventCountry "USA"]
[SourceTitle "EXT 2024"]
[Source "ChessBase"]
[SourceDate "2023.10.10"]
[SourceVersion "1"]
[SourceVersionDate "2023.10.10"]
[SourceQuality "1"]

1. e4 c6 2. d4 d5 3. e5 Bf5 4. h4 a6 5. g4 Bd7 6. h5 h6 7. f4 e6 8. Nf3 c5 9. c3 Nc6 10. a3 Qb6 11. Rh2 Nge7 12. Be3 cxd4 13. Nxd4 Nxd4 14. Bxd4 Qc7 15. Bh3 Nc6 16. Re2 Nxd4 17. cxd4 Be7 18. Nc3 0-0-0 19. Rc1 Bc6 20. Qd3 Kb8 21. Kf1 Qa5 22. Kg1 Rc8 23. Rec2 Bb5 24. Nxb5 Qxb5 25. Qxb5 axb5 26. f5 Rc4 27. fxe6 fxe6 28. Rxc4 bxc4 29. Rf1 Rf8 30. Rxf8+ Bxf8 31. g5 Bxa3 32. gxh6 gxh6 33. Bxe6 Bxb2 34. Bxd5 Bxd4+ 35. Kg2 c3 36. e6 Bf6 37. Bb3 Kc7 38. Kf3 Kd6 39. Ke4 Kc5 40. Kf5 Bg5 41. Ke5 Kb4 42. Bc2 Ka3 43. Kd6 Kb2 44. Be4 c2 45. Bxc2 Kxc2 46. Kc5 Kd3 47. Kb6 Ke4 48. Kxb7 Kf5 49. Kc6 Kg4 50. Kd5 Kxh5 51. Ke4 Kg4 52. Kd3 Kf3 0-1

[Event "Titled Tuesday intern op 13th Jun Early"]
[Site "Chess.com INT"]
[Date "2023.06.13"]
[Round "3"]
[White "Mostbauer, Florian"]
[Black "Ardila, Oscar Humberto"]
[Result "1/2-1/2"]
[WhiteElo "2303"]
[BlackElo "1958"]
[PlyCount "178"]
[EventDate "2023.06.13"]
[EventType "swiss (blitz)"]
[EventRounds "11"]
[EventCountry "USA"]
[SourceTitle "EXT 2024"]
[Source "ChessBase"]
[SourceDate "2023.10.10"]
[SourceVersion "1"]
[SourceVersionDate "2023.10.10"]
[SourceQuality "1"]

1. d4 Nf6 2. c4 g6 3. Nf3 Bg7 4. Bg5 h6 5. Bxf6 Bxf6 6. Nc3 0-0 7. e4 d6 8. Be2 e5 9. dxe5 dxe5 10. Qxd8 Bxd8 11. Nxe5 Re8 12. Nf3 Nd7 13. 0-0-0 c6 14. Rhe1 Bb6 15. Nd4 Nc5 16. f3 Ne6 17. Nxe6 Bxe6 18. Kc2 Bc7 19. g3 Rad8 20. f4 h5 21. Rxd8 Rxd8 22. Rd1 Rxd1 23. Nxd1 h4 24. b3 f5 25. e5 hxg3 26. hxg3 Bb6 27. Kd3 Kf7 28. Ne3 Ke7 29. Bf3 a5 30. a3 Bc5 31. a4 Bb4 32. g4 Be1 33. gxf5 gxf5 34. Bh5 Bg3 35. Bg6 Bxf4 36. Nxf5+ Kd7 37. Ke4 Bh2 38. Nd6 Bg3 39. Nxb7 Be1 40. Nc5+ Ke7 41. Nxe6 Kxe6 42. Be8 c5 43. Bc6 Bc3 44. Bd5+ Ke7 45. Kf5 Bd4 46. Bf3 Bc3 47. Bg4 Bd4 48. Ke4 Bc3 49. Kd5 Bb4 50. Kc6 Ba3 51. Kb6 Bb4 52. Kb5 Ke8 53. Bf5 Ke7 54. Kc6 Ba3 55. Kd5 Bb4 56. Bg4 Ba3 57. Be2 Bb4 58. Bf1 Ba3 59. Bh3 Bb4 60. Kc6 Ba3 61. Kb5 Bb4 62. Kb6 Ke8 63. e6 Ke7 64. Kc6 Ba3 65. Kd5 Bb4 66. Bg4 Ba3 67. Bd1 Bb4 68. Bc2 Ba3 69. b4 Bxb4 70. Be4 Ba3 71. Bf5 Bb4 72. Bh3 Ba3 73. Kc6 Bb4 74. Kb5 Ke8 75. Kb6 Ke7 76. Bg4 Ke8 77. Kc6 Ke7 78. Kc7 Ba3 79. Kb6 Bb4 80. Kb5 Ke8 81. Bf3 Ke7 82. Bd5 Kd6 83. Kb6 Ke7 84. Kc6 Ba3 85. Kb5 Bb4 86. Kb6 Kd6 87. Kb5 Ke7 88. Kb6 Kd6 89. Kb5 Ke7 1/2-1/2

[Event "Titled Tuesday intern op 23rd May Early"]
[Site "Chess.com INT"]
[Date "2023.05.23"]
[Round "1"]
[White "Mostbauer, Florian"]
[Black "Svane, Rasmus"]
[Result "0-1"]
[WhiteElo "2303"]
[BlackElo "2623"]
[PlyCount "80"]
[EventDate "2023.05.23"]
[EventType "swiss (blitz)"]
[EventRounds "11"]
[EventCountry "USA"]
[SourceTitle "CBM 214 Extra"]
[Source "ChessBase"]
[SourceDate "2023.07.31"]
[SourceVersion "1"]
[SourceVersionDate "2023.07.31"]
[SourceQuality "1"]

1. c4 e6 2. g3 d5 3. Bg2 Nf6 4. Nf3 Bd6 5. cxd5 exd5 6. 0-0 0-0 7. b3 h6 8. Bb2 c6 9. Nc3 Bf5 10. d3 Re8 11. a3 a5 12. Ra2 Na6 13. Re1 Bh7 14. Ba1 Qc7 15. Qb1 Rad8 16. Rc1 Qe7 17. Bb2 Nc5 18. Qc2 Ne6 19. Na4 b5 20. Nc3 Bc5 21. Nd1 Rc8 22. Qd2 Bb6 23. Bc3 Qd8 24. b4 d4 25. Ba1 axb4 26. axb4 Nd5 27. Ne5 Qd6 28. f4 Nxb4 29. Rb2 c5 30. Rbb1 f6 31. Rxb4 cxb4 32. Nc6 Bc5 33. Na5 Bg6 34. Nf2 f5 35. Qa2 Bf7 36. Qb1 Bb6 37. Nb3 Rxc1+ 38. Qxc1 Nxf4 39. gxf4 Bxb3 40. Bf3 Bd5 0-1

[Event "Titled Tuesday intern op 16th May Early"]
[Site "Chess.com INT"]
[Date "2023.05.16"]
[Round "1"]
[White "Mostbauer, Florian"]
[Black "Mekhitarian, Krikor Sevag"]
[Result "0-1"]
[WhiteElo "2303"]
[BlackElo "2537"]
[PlyCount "114"]
[EventDate "2023.05.16"]
[EventType "swiss (blitz)"]
[EventRounds "11"]
[EventCountry "USA"]
[SourceTitle "CBM 214 Extra"]
[Source "ChessBase"]
[SourceDate "2023.07.31"]
[SourceVersion "1"]
[SourceVersionDate "2023.07.31"]
[SourceQuality "1"]

1. c4 c5 2. g3 Nc6 3. Bg2 g6 4. e3 Bg7 5. Ne2 Nh6 6. Nbc3 Nf5 7. 0-0 0-0 8. b3 d6 9. Bb2 Rb8 10. h3 Qd7 11. d3 b6 12. Qd2 Bb7 13. e4 Nfd4 14. Nxd4 Bxd4 15. Ne2 Bxb2 16. Qxb2 e5 17. Qd2 Qe7 18. Kh2 f6 19. Rae1 Rbd8 20. f4 Kg7 21. h4 Bc8 22. Bh3 Bxh3 23. Kxh3 f5 24. Nc3 exf4 25. Rxf4 fxe4 26. Rfxe4 Qd7+ 27. Kh2 Ne5 28. Qe2 Nf3+ 29. Kg2 Nxe1+ 30. Qxe1 Rde8 31. Nd5 Rxe4 32. Qxe4 Qf5 33. Qxf5 Rxf5 34. Nc7 Kf7 35. Nb5 Ke7 36. Nxa7 Kd7 37. Nb5 d5 38. Nc3 dxc4 39. dxc4 Kc6 40. Nd5 Rf7 41. Nc3 Rd7 42. Nd5 b5 43. Kf3 b4 44. Ke4 Ra7 45. Nf6 Rxa2 46. Nxh7 Rb2 47. g4 Rxb3 48. Ng5 Rg3 49. Kf4 Rg1 50. Nf3 Rf1 51. Ke3 b3 52. Nd2 b2 53. Nxf1 b1Q 54. Nd2 Qc2 55. h5 gxh5 56. gxh5 Qf5 57. Nf3 Qxh5 0-1

[Event "Titled Tuesday intern op 04th Apr Late"]
[Site "Chess.com INT"]
[Date "2023.04.04"]
[Round "1"]
[White "Brandao, Marcius Gomes"]
[Black "Mostbauer, Florian"]
[Result "1-0"]
[WhiteElo "1973"]
[BlackElo "2300"]
[PlyCount "55"]
[EventDate "2023.04.04"]
[EventType "swiss (blitz)"]
[EventRounds "11"]
[EventCountry "USA"]
[SourceTitle "EXT 2024"]
[Source "ChessBase"]
[SourceDate "2023.10.10"]
[SourceVersion "1"]
[SourceVersionDate "2023.10.10"]
[SourceQuality "1"]

1. d4 d5 2. c4 c6 3. cxd5 cxd5 4. Nc3 Nc6 5. Bf4 e5 6. Bxe5 Nxe5 7. dxe5 d4 8. Ne4 Bb4+ 9. Nd2 Ne7 10. Ngf3 Nc6 11. g3 Bg4 12. Bg2 Bxf3 13. Bxf3 Qa5 14. a3 Bxd2+ 15. Qxd2 Qxd2+ 16. Kxd2 Nxe5 17. Bg2 0-0-0 18. Rhc1+ Kb8 19. Rc5 Rhe8 20. Rac1 Ng4 21. Rc7 Nxf2 22. Rxb7+ Ka8 23. Rcc7 Ne4+ 24. Ke1 f5 25. Rxa7+ Kb8 26. Rcb7+ Kc8 27. Rxg7 d3 28. Ra8# 1-0

[Event "Titled Tuesday intern op 28th Mar Early"]
[Site "Chess.com INT"]
[Date "2023.03.28"]
[Round "3"]
[White "Wagner, Dennis"]
[Black "Mostbauer, Florian"]
[Result "1-0"]
[WhiteElo "2586"]
[BlackElo "2307"]
[PlyCount "37"]
[EventDate "2023.03.28"]
[EventType "swiss (blitz)"]
[EventRounds "11"]
[EventCountry "USA"]
[SourceTitle "EXT 2024"]
[Source "ChessBase"]
[SourceDate "2023.10.10"]
[SourceVersion "1"]
[SourceVersionDate "2023.10.10"]
[SourceQuality "1"]

1. d4 d5 2. c4 c6 3. Nc3 Nf6 4. e3 a6 5. Nf3 Bg4 6. h3 Bxf3 7. Qxf3 e6 8. cxd5 cxd5 9. g4 Nc6 10. Bd2 Rc8 11. g5 Ng8 12. h4 Bd6 13. 0-0-0 h5 14. Kb1 Nge7 15. a3 g6 16. Bd3 0-0 17. Rc1 Nf5 18. Bxf5 exf5 19. Nxd5 1-0

[Event "Ceske Budejovice op-A"]
[Site "Ceske Budejovice"]
[Date "2022.07.05"]
[Round "5"]
[White "Mai, Alexander Oliver"]
[Black "Mostbauer, Florian"]
[Result "1/2-1/2"]
[WhiteElo "2159"]
[BlackElo "2303"]
[PlyCount "38"]
[EventDate "2022.07.01"]
[EventType "swiss"]
[EventRounds "9"]
[EventCountry "CZE"]
[SourceTitle "CBM 209 Extra"]
[Source "ChessBase"]
[SourceDate "2022.09.30"]
[SourceVersion "1"]
[SourceVersionDate "2022.09.30"]
[SourceQuality "1"]

1. e4 c6 2. d4 d5 3. Nd2 dxe4 4. Nxe4 Nf6 5. Nxf6+ exf6 6. Bc4 Na6 7. Nf3 Be7 8. h3 0-0 9. 0-0 b5 10. Be2 Nc7 11. a4 a6 12. c3 Be6 13. b3 Nd5 14. Bd2 Qb8 15. axb5 axb5 16. Rxa8 Qxa8 17. c4 bxc4 18. bxc4 Nb6 19. Qc2 Rd8 1/2-1/2

[Event "Titled Tuesday intern op 28th Sept"]
[Site "Chess.com INT"]
[Date "2021.09.28"]
[Round "1"]
[White "Svicevic, Rastko"]
[Black "Mostbauer, Florian"]
[Result "0-1"]
[WhiteElo "2223"]
[BlackElo "2285"]
[PlyCount "82"]
[EventDate "2021.09.28"]
[EventType "swiss (blitz)"]
[EventRounds "11"]
[EventCountry "USA"]
[SourceTitle "CBM 204 Extra"]
[Source "ChessBase"]
[SourceDate "2021.11.30"]
[SourceVersion "1"]
[SourceVersionDate "2021.11.30"]
[SourceQuality "1"]

1. d4 d5 2. Bg5 c5 3. e3 cxd4 4. exd4 Bf5 5. Bd3 Bxd3 6. Qxd3 Nc6 7. c3 h6 8. Bh4 Qb6 9. Nd2 e6 10. Ngf3 Be7 11. Bg3 Nf6 12. 0-0 0-0 13. a4 Rac8 14. Ne5 Nxe5 15. Bxe5 Nd7 16. a5 Qc6 17. Bf4 Bd6 18. Be3 Bb8 19. f4 f5 20. g3 Nf6 21. Rfc1 Ne4 22. Nxe4 fxe4 23. Qe2 Rf7 24. a6 b6 25. h4 Qc4 26. Qg4 Re8 27. Rc2 Bd6 28. h5 Qd3 29. Re2 Qb5 30. Bf2 Rc7 31. Rd2 Qd7 32. Rf1 Qf7 33. Be3 Qf5 34. Qe2 Qh3 35. Qh2 Qxh2+ 36. Kxh2 Rc4 37. Ra1 Rec8 38. g4 b5 39. Kh3 b4 40. cxb4 Rxb4 41. g5 Rb3 0-1

[Event "AUT-ch Blitz"]
[Site "Graz"]
[Date "2021.06.06"]
[Round "10"]
[White "Morgunov, Marc"]
[Black "Mostbauer, Florian"]
[Result "1-0"]
[WhiteElo "2393"]
[BlackElo "2274"]
[PlyCount "91"]
[EventDate "2021.06.06"]
[EventType "swiss (blitz)"]
[EventRounds "11"]
[EventCountry "AUT"]
[SourceTitle "CBM 202 Extra"]
[Source "ChessBase"]
[SourceDate "2021.07.31"]
[SourceVersion "1"]
[SourceVersionDate "2021.07.31"]
[SourceQuality "1"]

1. e4 c6 2. Nc3 d5 3. Nf3 dxe4 4. Nxe4 Nf6 5. Qe2 Nxe4 6. Qxe4 Qa5 7. Qf4 Nd7 8. Bc4 Nf6 9. 0-0 Qf5 10. Qe3 Nd5 11. Qb3 b5 12. Bd3 Qf6 13. c4 Nf4 14. cxb5 Nxd3 15. Qxd3 cxb5 16. Qxb5+ Bd7 17. Qe5 Bc6 18. Qxf6 gxf6 19. Nd4 Bb7 20. d3 Rg8 21. f3 Rd8 22. Be3 Bh6 23. Bxh6 Rxd4 24. Rad1 Kd7 25. Be3 Ra4 26. a3 h5 27. Kf2 Ra5 28. Rc1 Rb5 29. b4 a5 30. Bc5 axb4 31. axb4 Bd5 32. Ra1 Rc8 33. Rfe1 e6 34. Ra7+ Rb7 35. Ra5 Ke8 36. Rea1 Rd7 37. d4 Bc4 38. Ra8 Rdd8 39. Rxc8 Rxc8 40. Ra7 e5 41. dxe5 fxe5 42. Re7+ Kd8 43. Rxe5 Kd7 44. Rxh5 Ke6 45. Rh4 Kd5 46. Rd4+ 1-0

[Event "Budapest FS05 IM"]
[Site "Budapest"]
[Date "2021.05.11"]
[Round "9"]
[White "Lyell, Mark"]
[Black "Mostbauer, Florian"]
[Result "1-0"]
[WhiteElo "2188"]
[BlackElo "2304"]
[PlyCount "89"]
[EventDate "2021.05.01"]
[EventType "tourn"]
[EventRounds "9"]
[EventCountry "HUN"]
[EventCategory "1"]
[SourceTitle "CBM 202 Extra"]
[Source "ChessBase"]
[SourceDate "2021.07.31"]
[SourceVersion "1"]
[SourceVersionDate "2021.07.31"]
[SourceQuality "1"]

1. e4 c6 2. d4 d5 3. f3 dxe4 4. fxe4 e5 5. Nf3 Be6 6. c3 Nd7 7. Bd3 h6 8. 0-0 Ngf6 9. Nbd2 Bd6 10. Nc4 Bxc4 11. Bxc4 Qe7 12. Bd3 0-0-0 13. Qa4 Nc5 14. dxc5 Bxc5+ 15. Kh1 Rxd3 16. b4 Bb6 17. c4 c5 18. Bb2 Ng4 19. h3 h5 20. b5 Ne3 21. Rf2 Rhd8 22. Re2 f6 23. Rae1 Nd1 24. Qc2 Nxb2 25. Qxb2 g5 26. Re3 Ba5 27. Rxd3 Rxd3 28. Rf1 g4 29. Qe2 Qd7 30. hxg4 hxg4 31. Nh2 g3 32. Ng4 Qh7+ 33. Kg1 Bc3 34. Qxd3 Bd4+ 35. Rf2 Bxf2+ 36. Nxf2 Qh2+ 37. Kf1 gxf2 38. Qh3+ Qxh3 39. gxh3 Kd7 40. Kxf2 Ke6 41. Kf3 f5 42. exf5+ Kxf5 43. Ke3 a5 44. bxa6 bxa6 45. a3 1-0

[Event "Budapest FS05 IM"]
[Site "Budapest"]
[Date "2021.05.08"]
[Round "7"]
[White "Matyassy, Lazar"]
[Black "Mostbauer, Florian"]
[Result "0-1"]
[WhiteElo "2172"]
[BlackElo "2304"]
[PlyCount "82"]
[EventDate "2021.05.01"]
[EventType "tourn"]
[EventRounds "9"]
[EventCountry "HUN"]
[EventCategory "1"]
[SourceTitle "CBM 202 Extra"]
[Source "ChessBase"]
[SourceDate "2021.07.31"]
[SourceVersion "1"]
[SourceVersionDate "2021.07.31"]
[SourceQuality "1"]

1. e4 c6 2. d4 d5 3. Nc3 dxe4 4. Nxe4 Nf6 5. Nxf6+ exf6 6. c3 Bd6 7. Bd3 0-0 8. Ne2 Re8 9. Qc2 h5 10. Be3 Nd7 11. 0-0-0 b5 12. d5 c5 13. Bxb5 Rb8 14. c4 a6 15. Ba4 Re5 16. Ng3 Nb6 17. Bc6 h4 18. Ne4 Bf5 19. f3 Bxe4 20. fxe4 f5 21. Rhe1 Rxe4 22. b3 Qf6 23. Bd2 Nxc4 24. Rxe4 Qa1+ 25. Qb1 Qxb1+ 26. Kxb1 Nxd2+ 27. Rxd2 fxe4 28. h3 f5 29. Kc2 Kf7 30. Kd1 Kf6 31. Ke2 g5 32. Rd1 Rb4 33. Rc1 Rd4 34. Bb7 a5 35. Ba6 Rxd5 36. Bc4 Rd4 37. a4 Bf4 38. Rd1 g4 39. hxg4 fxg4 40. Bd5 Ke5 41. Bc6 h3 0-1

[Event "Budapest FS05 IM"]
[Site "Budapest"]
[Date "2021.05.07"]
[Round "6"]
[White "Mostbauer, Florian"]
[Black "Ochedzan, Tymon"]
[Result "0-1"]
[WhiteElo "2304"]
[BlackElo "2219"]
[PlyCount "58"]
[EventDate "2021.05.01"]
[EventType "tourn"]
[EventRounds "9"]
[EventCountry "HUN"]
[EventCategory "1"]
[SourceTitle "CBM 202 Extra"]
[Source "ChessBase"]
[SourceDate "2021.07.31"]
[SourceVersion "1"]
[SourceVersionDate "2021.07.31"]
[SourceQuality "1"]

1. c4 Nf6 2. g3 g6 3. Bg2 Bg7 4. Nc3 0-0 5. e3 d6 6. Nge2 e5 7. 0-0 c6 8. d4 Qe7 9. b3 e4 10. Qc2 Re8 11. a4 Bf5 12. a5 Nbd7 13. a6 b6 14. b4 h5 15. b5 c5 16. Ba3 g5 17. h3 Qe6 18. Nd5 Nxd5 19. cxd5 Qxd5 20. Rad1 Qe6 21. dxc5 dxc5 22. h4 f6 23. Bb2 Rad8 24. Nc3 gxh4 25. Nd5 Qf7 26. Nc7 Rf8 27. Bxe4 Bxe4 28. Qxe4 f5 29. Qc6 Nb8 0-1

[Event "Budapest FS05 IM"]
[Site "Budapest"]
[Date "2021.05.01"]
[Round "1"]
[White "Mostbauer, Florian"]
[Black "Pasztor, Balazs"]
[Result "0-1"]
[WhiteElo "2304"]
[BlackElo "2204"]
[PlyCount "64"]
[EventDate "2021.05.01"]
[EventType "tourn"]
[EventRounds "9"]
[EventCountry "HUN"]
[EventCategory "1"]
[SourceTitle "CBM 202 Extra"]
[Source "ChessBase"]
[SourceDate "2021.07.31"]
[SourceVersion "1"]
[SourceVersionDate "2021.07.31"]
[SourceQuality "1"]

1. d4 Nf6 2. Nf3 e6 3. Bf4 c5 4. c3 Nc6 5. e3 d5 6. Nbd2 cxd4 7. exd4 Nh5 8. Be3 Bd6 9. Ne5 Nf6 10. f4 Nd7 11. Bd3 0-0 12. Qe2 f6 13. Nxd7 Bxd7 14. 0-0 Qe7 15. Nf3 Qe8 16. h3 Rb8 17. Rae1 Ne7 18. Qc2 Kh8 19. Bc1 b5 20. Nh4 Qh5 21. Qf2 g5 22. fxg5 fxg5 23. Nf3 g4 24. hxg4 Qxg4 25. Qe3 Bf4 26. Qe2 Bg3 27. Rd1 Qh5 28. Bd2 Rxf3 29. gxf3 Rg8 30. Rf2 Bh2+ 31. Kh1 Bg1+ 32. Rh2 Bxh2 0-1

[Event "EU-ch qual Online"]
[Site "Tornelo INT"]
[Date "2020.12.18"]
[Round "8"]
[White "Mazi, Leon"]
[Black "Mostbauer, Florian"]
[Result "0-1"]
[WhiteElo "2340"]
[BlackElo "2304"]
[PlyCount "138"]
[EventDate "2020.12.18"]
[EventType "swiss"]
[EventRounds "11"]
[EventCountry "POL"]
[SourceTitle "CBM 199 Extra"]
[Source "ChessBase"]
[SourceDate "2021.01.31"]
[SourceVersion "1"]
[SourceVersionDate "2021.01.31"]
[SourceQuality "1"]

1. e4 c6 2. Nc3 d5 3. d4 dxe4 4. Nxe4 Nf6 5. Nxf6+ exf6 6. Bc4 Na6 7. c3 Nc7 8. Ne2 Bd6 9. Bf4 0-0 10. Bxd6 Qxd6 11. Qd2 b5 12. Bb3 Be6 13. Qf4 Rad8 14. Qxd6 Rxd6 15. Nf4 Nd5 16. Nd3 Bf5 17. Nc5 Nf4 18. g3 Re8+ 19. Kd2 Ne6 20. Rhe1 Kf8 21. Bxe6 fxe6 22. f4 e5 23. fxe5 fxe5 24. Rf1 Rf6 25. Rae1 exd4 26. cxd4 Rxe1 27. Rxe1 Kf7 28. Kc3 Be6 29. Kb4 Bd5 30. Re2 Rf1 31. Rd2 Bxa2 32. b3 Bb1 33. Na6 Be4 34. Kc5 Bd5 35. b4 Ra1 36. Nb8 Rc1+ 37. Kd6 Rc4 38. Rf2+ Kg6 39. Rf4 Rxb4 40. Nxc6 Bxc6 41. Kxc6 a5 42. d5 Rxf4 43. gxf4 b4 44. d6 b3 45. d7 b2 46. d8Q b1Q 47. Qg5+ Kf7 48. Qxa5 Qg6+ 49. Kc7 Qe6 50. Qh5+ Kg8 51. Qg5 h6 52. Qe5 Kf7 53. Qh5+ Qg6 54. Qd5+ Qe6 55. Qh5+ Kf8 56. Qf3 g6 57. Qg3 Kf7 58. Qf3 Qc4+ 59. Kd6 Qd4+ 60. Kc6 Kf6 61. Qg4 Qe4+ 62. Kb5 Qf5+ 63. Qxf5+ Kxf5 64. Kc4 Kxf4 65. Kd3 Kf3 66. Kd2 Kg2 67. h4 Kh3 68. h5 g5 69. Ke3 Kh4 0-1